| 000 | 01437nam a2200445 i 4500 | ||
|---|---|---|---|
| 001 | 32663 | ||
| 003 | KOSZ 005 | ||
| 005 | 20211118134720.0 | ||
| 008 | 981005s1998 pl a f f |000 0 pol d | ||
| 015 | _aPB 1998/13096 | ||
| 020 | _a8390896001 | ||
| 035 | _a991005837229705066 | ||
| 035 | _a(PL-WaBN)b11523694-48omnis_nlop | ||
| 035 | _ab11523694 | ||
| 035 | _a(OCoLC)749299991 | ||
| 035 | _a(PL)b0000001152369 | ||
| 035 | _a(EXLNZ-48OMNIS_NETWORK)9910226660905606 | ||
| 040 |
_aWA N _cWA N _dKOSZ 005/HR |
||
| 041 | 0 | _apol | |
| 080 | _a628.3 | ||
| 080 | _a(083.1) | ||
| 100 | 1 |
_aOleszkiewicz, Jan A. _eAutor |
|
| 245 | 1 | 0 |
_aGospodarka osadami ściekowymi : _bporadnik decydenta / _cJan A. Oleszkiewicz ; (przy współpr. Ewy Kalinowskiej). |
| 260 |
_aKraków : _b"Lem", _c1998. |
||
| 300 |
_a284 s. : _brys., wykr., err. ; _c24 cm. |
||
| 336 |
_2rdacontent _aTekst _btxt |
||
| 337 |
_2rdamedia _aBez urządzenia pośredniczącego _bn |
||
| 338 |
_2rdacarrier _aWolumin _bnc |
||
| 380 | _aKsiążki | ||
| 380 | _aPublikacje fachowe | ||
| 388 | _a1901-2000 | ||
| 388 | _a1989-2000 | ||
| 504 | _aBibliogr. s. 257-268. | ||
| 650 | 7 |
_aOsady ściekowe _2DBN |
|
| 655 | 7 |
_aPoradnik _2DBN |
|
| 700 | 1 |
_aKalinowska, Ewa _d(1972- ) _eAutor |
|
| 856 |
_uhttp://koha.tu.koszalin.pl/cgi-bin/koha/opac-detail.pl?biblionumber=32663 _yKatalog online BPK |
||
| 942 |
_2UKD _cKS |
||
| 999 |
_c32663 _d32663 |
||